| 000 | 00724nam a22002177a 4500 | ||
|---|---|---|---|
| 999 |
_c8337 _d8337 |
||
| 001 | 8337 | ||
| 003 | BD-JhCC | ||
| 005 | 20181105134016.0 | ||
| 008 | 180222b2015 bg |||| |||| 000 0 ben d | ||
| 035 | _a(BD-JhCC)8337 | ||
| 040 |
_aBD-JhCC _dBD-JhCC |
||
| 041 | _aben | ||
| 082 |
_a540 _bHUQ 2015 |
||
| 245 |
_aরসায়ন দ্বিতীয় পত্র (একাদশ-দ্বাদশ) / _c ড.মো:মনিমুল হক |
||
| 260 |
_aঢাকাঃ _bআশরাফিয়া বইঘর, _c2015. |
||
| 300 |
_a470 p. : _c24 cm. |
||
| 650 | _aChemistry | ||
| 700 | _aড.মোহাম্মদ আবু ইউসুফ,আনিকা অনি | ||
| 942 |
_2ddc _cBK _01 |
||